000 00594nam a2200229Ia 4500
003 OSt
005 20220924145826.0
006 a|||||r|||| 00| 0
007 ta
008 220923b |||||||| |||| 00| 0 tel d
024 _a330476
037 _cTextual
040 _aARTS
_cARTS
_btel
041 _2tel
_atel
082 _aO152,3M911,1, 35K5
100 _aSen Chatura Au.
_9220657
245 0 _aDharama paltrudu
260 _c1965
650 _aHINDI LITERATURE
_923866
942 _hO152,3M911,1, 35K5
_cTEXL
_2CC
999 _c461298
_d461298